000 00318nam a22001457a 4500
003 SGT
020 _a9789354791826
082 _a302.GRU
100 _aGruman, Jamie A.
245 _aApplied Social Psychology
260 _aNEW DELHI
_bSAGE PUB.
_c2024
300 _a508
650 _aPSYCHOLOGY
942 _2ddc
_cBK
_02
999 _c26677
_d26677